|
|
|
|
| LEADER |
00000nab a2200000 a 4500 |
| 001 |
vtls000545294 |
| 003 |
SK-MaSNL |
| 005 |
20260303012334.0 |
| 008 |
131029c1995 xo 0 slo |
| 015 |
|
|
|a SNBRB19rr/mm-uuuuu
|
| 035 |
|
|
|a CL0545432
|
| 040 |
|
|
|a SNKBUCL
|b slo
|c SNKBUCL
|e AACR2
|
| 041 |
0 |
|
|a slo
|
| 044 |
|
|
|a xo
|c SK
|
| 080 |
|
|
|a 801.31:808.1
|2 1981
|
| 080 |
|
|
|a 808.1-31
|2 1981
|
| 100 |
1 |
|
|a Ondruš, Šimon,
|d 1924-2011
|4 aut
|9 170117
|
| 245 |
1 |
0 |
|a Vianoce: fašiangy: pôst: Veľká noc
|c Šimon Ondruš
|
| 650 |
0 |
7 |
|a slovanské jazyky
|2 snkbucl
|9 1338
|
| 650 |
0 |
7 |
|a slovná zásoba
|2 snkbucl
|9 66837
|
| 655 |
|
7 |
|a články z novín a časopisov
|2 snkbucl
|9 267496
|
| 655 |
|
7 |
|a články z odboru slavistika
|2 snkbucl
|9 150819
|
| 773 |
0 |
|
|t Slovenské pohľady
|g Roč. 4+111, č. 3 (1995), s. 109-114
|
| 850 |
|
|
|a Slovenská národná knižnica v Martine
|a MTA001
|
| 852 |
|
|
|a SNK
|b KIS3GCP
|
| 958 |
|
|
|a RK
|
| 958 |
|
|
|a SS
|
| 992 |
|
|
|a RBX
|
| 999 |
|
|
|c 1596613
|d 1598543
|